[Event "EU-ch 22nd"]
[Site "Terme Catez"]
[Date "2022.04.01"]
[Round "6"]
[White "Kuznetsova, Elyzaveta"]
[Black "Palczert, Miklos"]
[Result "1/2-1/2"]
[WhiteElo "1366"]
[BlackElo "1770"]
[PlyCount "78"]
[EventDate "2022.03.27"]
[EventType "swiss"]
[EventRounds "11"]
[EventCountry "SLO"]
[SourceTitle "CBM 208"]
[Source "ChessBase"]
[SourceDate "2022.06.30"]
[SourceVersion "1"]
[SourceVersionDate "2022.06.30"]
[SourceQuality "1"]

1. e4 c5 2. Nf3 d6 3. Bb5+ Nd7 4. Bxd7+ Bxd7 5. h3 Bc6 6. Nc3 Nf6 7. d3 e6 8. 0-0 Qc7 9. b3 h6 10. a4 d5 11. exd5 Nxd5 12. Bb2 Nf4 13. Nb5 Bxb5 14. Be5 Bd6 15. Bxd6 Qxd6 16. axb5 g5 17. Re1 Qd7 18. b6 a6 19. Ne5 Qd5 20. Qf3 Qxf3 21. Nxf3 Nd5 22. d4 cxd4 23. Nxd4 Nxb6 24. Nxe6 Kd7 25. Rad1+ Kc6 26. Nd4+ Kc5 27. Nf5 Rad8 28. Rxd8 Rxd8 29. Nxh6 f6 30. Nf5 Kb4 31. Re7 Rd7 32. Rxd7 Nxd7 33. Kf1 b5 34. Ke2 Kc3 35. Ne3 a5 36. Kd1 a4 37. bxa4 bxa4 38. Kc1 Kd4 39. Kb2 Nc5 1/2-1/2

[Event "EU-ch 22nd"]
[Site "Terme Catez"]
[Date "2022.03.31"]
[Round "5"]
[White "Palczert, Miklos"]
[Black "Martinkus, Rolandas"]
[Result "0-1"]
[WhiteElo "1770"]
[BlackElo "2033"]
[PlyCount "90"]
[EventDate "2022.03.27"]
[EventType "swiss"]
[EventRounds "11"]
[EventCountry "SLO"]
[SourceTitle "CBM 208"]
[Source "ChessBase"]
[SourceDate "2022.06.30"]
[SourceVersion "1"]
[SourceVersionDate "2022.06.30"]
[SourceQuality "1"]

1. e4 e5 2. Nf3 Nc6 3. Bc4 Nf6 4. Ng5 d5 5. exd5 Nxd5 6. Nxf7 Kxf7 7. Qf3+ Ke6 8. Nc3 Ncb4 9. Qe4 c6 10. d4 Kd7 11. a3 Nxc3 12. bxc3 Nd5 13. Bxd5 cxd5 14. Qxd5+ Ke8 15. Qb3 Qb6 16. dxe5 Be6 17. Qxb6 axb6 18. Be3 b5 19. 0-0 Kd7 20. f4 Rxa3 21. f5 Bc4 22. Rxa3 Bxa3 23. Ra1 Be7 24. g4 Kc6 25. g5 Re8 26. Re1 Bd8 27. Bf4 Ba5 28. Bd2 Kd5 29. e6 Bb6+ 30. Kg2 g6 31. Bf4 gxf5 32. Re5+ Kc6 33. Rxf5 Rxe6 34. h4 Ba5 35. Be5 Bd5+ 36. Kf2 Be4 37. Rf6 Kd5 38. Bd4 Rxf6+ 39. Bxf6 Bxc2 40. Ke3 Bd1 41. Kd3 Bb6 42. Kd2 Bh5 43. Ke1 Kc4 44. Be5 Kd3 45. Bf6 Ba5 0-1

[Event "Arco op 41st"]
[Site "Arco"]
[Date "2019.10.08"]
[Round "5"]
[White "Privitera, Franco"]
[Black "Palczert, Miklos"]
[Result "1-0"]
[WhiteElo "1950"]
[BlackElo "1749"]
[PlyCount "61"]
[EventDate "2019.10.04"]
[EventType "swiss"]
[EventRounds "9"]
[EventCountry "ITA"]
[SourceTitle "EXT 2020"]
[Source "ChessBase"]
[SourceDate "2019.10.17"]
[SourceVersion "1"]
[SourceVersionDate "2019.10.17"]
[SourceQuality "1"]

1. d4 Nf6 2. Nf3 e6 3. e3 d5 4. Bd3 c5 5. b3 Nc6 6. a3 cxd4 7. exd4 Bd7 8. 0-0 Bd6 9. Bb2 Qc7 10. c4 Ng4 11. h3 h5 12. Nc3 Ne7 13. cxd5 exd5 14. Rc1 Bh2+ 15. Kh1 Qd6 16. Bb5 Nf5 17. Bxd7+ Kxd7 18. Nb5 Qg6 19. Nxh2 Nge3 20. Qf3 Nh4 21. Qg3 Qxg3 22. fxg3 Nxf1 23. Rxf1 Ng6 24. Rxf7+ Kc6 25. Nc3 Rae8 26. Nf3 Rhg8 27. b4 a6 28. a4 Re3 29. b5+ Kd6 30. Rxb7 axb5 31. Rb6+ 1-0

[Event "Budapest Art Pub op 9th"]
[Site "Budapest"]
[Date "2015.11.20"]
[Round "1"]
[White "Palczert, Miklos"]
[Black "Piroska, Istvan"]
[Result "0-1"]
[WhiteElo "1714"]
[BlackElo "2085"]
[PlyCount "68"]
[EventDate "2015.11.20"]
[EventType "swiss"]
[EventRounds "6"]
[EventCountry "HUN"]
[SourceTitle "CBM 169 Extra"]
[Source "ChessBase"]
[SourceDate "2015.12.18"]
[SourceVersion "1"]
[SourceVersionDate "2015.12.18"]
[SourceQuality "1"]

1. e4 e5 2. Nc3 Nc6 3. Bc4 Bc5 4. Qg4 g6 5. Qf3 Qf6 6. Nd5 Qxf3 7. Nxf3 Bd6 8. a3 Nd4 9. Nxd4 exd4 10. c3 c6 11. Nb4 b5 12. Be2 Nf6 13. d3 a5 14. Nc2 dxc3 15. bxc3 0-0 16. f4 Bc7 17. Bf3 d5 18. Nd4 dxe4 19. dxe4 Nxe4 20. Nxc6 Re8 21. 0-0 Bb6+ 22. Nd4 Ba6 23. Bxe4 Rxe4 24. Rd1 Rc8 25. Bb2 Re2 26. Rab1 Bb7 27. Kf1 Rxg2 28. Ba1 Rxh2 29. Rxb5 Bg2+ 30. Kg1 Rh1+ 31. Kxg2 Rxd1 32. Rxb6 Rxa1 33. Nb5 Rb1 34. a4 Rxc3 0-1

[Event "Budapest Karacsonyi op 5th"]
[Site "Budapest"]
[Date "2013.12.29"]
[Round "4"]
[White "Palczert, Miklos"]
[Black "Palla, Akos Botond"]
[Result "0-1"]
[WhiteElo "1769"]
[BlackElo "2065"]
[PlyCount "48"]
[EventDate "2013.12.27"]
[EventType "swiss"]
[EventRounds "7"]
[EventCountry "HUN"]
[SourceTitle "CBM 158 Extra"]
[Source "ChessBase"]
[SourceDate "2014.02.28"]
[SourceVersion "1"]
[SourceVersionDate "2014.02.28"]
[SourceQuality "1"]

1. e4 c5 2. Nf3 d6 3. d4 cxd4 4. Nxd4 Nf6 5. Nc3 g6 6. Be3 Bg7 7. f3 Nc6 8. Qd2 0-0 9. 0-0-0 d5 10. Nxc6 bxc6 11. exd5 Nxd5 12. Nxd5 cxd5 13. Qxd5 Qc7 14. Qc5 Qb8 15. Qa3 Be6 16. Bd4 Rd8 17. Qe3 Qd6 18. c3 Rac8 19. Kb1 Bf5+ 20. Bd3 Bxd3+ 21. Rxd3 e5 22. Rhd1 exd4 23. cxd4 Qxh2 24. R3d2 Bh6 0-1

[Event "Budapest Karacsonyi op 5th"]
[Site "Budapest"]
[Date "2013.12.29"]
[Round "5"]
[White "Ronyai, Imre"]
[Black "Palczert, Miklos"]
[Result "0-1"]
[WhiteElo "1542"]
[BlackElo "1769"]
[PlyCount "74"]
[EventDate "2013.12.27"]
[EventType "swiss"]
[EventRounds "7"]
[EventCountry "HUN"]
[SourceTitle "CBM 158 Extra"]
[Source "ChessBase"]
[SourceDate "2014.02.28"]
[SourceVersion "1"]
[SourceVersionDate "2014.02.28"]
[SourceQuality "1"]

1. e4 e5 2. Nf3 Nc6 3. Nc3 Nf6 4. d4 exd4 5. Nd5 Be7 6. Bf4 d6 7. Qe2 Be6 8. 0-0-0 Bxd5 9. exd5 Nxd5 10. Bg3 0-0 11. Nxd4 Bf6 12. Nf5 Nde7 13. Ne3 Re8 14. Qg4 Ng6 15. Nd5 Nce5 16. Qa4 c6 17. Nxf6+ Qxf6 18. f4 Nd7 19. Qd4 Qxd4 20. Rxd4 d5 21. Bd3 Nc5 22. Bf5 Ne7 23. Bg4 f5 24. Bf3 Ne4 25. Be1 Kf7 26. g3 Nc8 27. c4 dxc4 28. Rxc4 Ncd6 29. Rc2 Nb5 30. Bg2 Nd4 31. Rc4 Rad8 32. Kb1 b5 33. Rc1 Ne2 34. Rxc6 Rd1+ 35. Kc2 Rc1+ 36. Kd3 Rxc6 37. Kxe2 Nxg3+ 0-1

[Event "Budapest FS08 FM-B"]
[Site "Budapest"]
[Date "2004.08.15"]
[Round "2.4"]
[White "Hocevar, Nikola"]
[Black "Palczert, Miklos"]
[Result "1/2-1/2"]
[WhiteElo "2136"]
[BlackElo "2012"]
[PlyCount "37"]
[EventDate "2004.08.07"]
[EventType "tourn"]
[EventRounds "10"]
[EventCountry "HUN"]
[SourceTitle "EXT 2005"]
[Source "ChessBase"]
[SourceDate "2004.11.15"]
[SourceVersion "1"]
[SourceVersionDate "2004.11.15"]
[SourceQuality "1"]

1. c4 c5 2. Nf3 Nf6 3. d4 cxd4 4. Nxd4 Nc6 5. Nc3 g6 6. e4 d6 7. Be2 Bg7 8. Be3 Be6 9. Nxe6 fxe6 10. 0-0 0-0 11. Rc1 Rc8 12. b3 Nd7 13. Bg4 e5 14. c5 Nd4 15. cxd6 exd6 16. Nd5 Rxc1 17. Qxc1 Nf6 18. Nxf6+ Bxf6 19. Qd2 1/2-1/2

[Event "Budapest FS08 FM-B"]
[Site "Budapest"]
[Date "2004.08.11"]
[Round "1.5"]
[White "Makrai, Peter"]
[Black "Palczert, Miklos"]
[Result "1/2-1/2"]
[WhiteElo "1847"]
[BlackElo "2012"]
[PlyCount "71"]
[EventDate "2004.08.07"]
[EventType "tourn"]
[EventRounds "10"]
[EventCountry "HUN"]
[SourceTitle "EXT 2005"]
[Source "ChessBase"]
[SourceDate "2004.11.15"]
[SourceVersion "1"]
[SourceVersionDate "2004.11.15"]
[SourceQuality "1"]

1. e4 e5 2. Nf3 Nc6 3. Bb5 a6 4. Ba4 Nf6 5. 0-0 Be7 6. Re1 b5 7. Bb3 0-0 8. c3 d5 9. exd5 Nxd5 10. d4 exd4 11. Nxd4 Nxd4 12. Qxd4 Bb7 13. Nd2 c5 14. Qg4 c4 15. Bc2 Nf6 16. Qf5 g6 17. Qh3 Bc5 18. Nf3 Qb6 19. Be3 Bxe3 20. Rxe3 Rfe8 21. Rae1 Rxe3 22. Rxe3 Rd8 23. Nd4 h5 24. Qg3 Ng4 25. Re7 Bc8 26. h3 Qf6 27. Re1 Nh6 28. Qc7 Bd7 29. Re3 Kg7 30. Rf3 Qe7 31. Re3 Qg5 32. Nf3 Qf6 33. Nd4 Qg5 34. Nf3 Qf6 35. Nd4 Qg5 36. Nf3 1/2-1/2